[Event "Luxembourg-ch"]
[Site "Luxembourg"]
[Date "1999.04.07"]
[Round "5"]
[White "Steinmetzer, Jacques"]
[Black "Cordier, Gilbert"]
[Result "1-0"]
[WhiteElo "1595"]
[BlackElo "1425"]
[PlyCount "59"]
[EventDate "1999.04.03"]
[EventType "swiss"]
[EventRounds "9"]
[EventCountry "LUX"]
[SourceTitle "EXT 2005"]
[Source "ChessBase"]
[SourceDate "2004.11.15"]
[SourceVersion "1"]
[SourceVersionDate "2004.11.15"]
[SourceQuality "1"]

1. c4 e5 2. d3 Nf6 3. g3 c6 4. Bg2 d5 5. cxd5 cxd5 6. Nc3 Bb4 7. Nf3 e4 8. Qa4+ Nc6 9. Ne5 Bd7 10. Nxc6 Bxc3+ 11. bxc3 bxc6 12. Bg5 exd3 13. exd3 Qe7+ 14. Kd2 0-0 15. Rhe1 Ne4+ 16. Rxe4 Qxg5+ 17. f4 Qg4 18. Re7 Rab8 19. Kc2 Rbe8 20. Rae1 g5 21. Rxe8 Bxe8 22. Qxa7 gxf4 23. Qb8 Bd7 24. Qxf4 Qg6 25. Re7 Bf5 26. Bf1 Rc8 27. h3 c5 28. g4 Bxd3+ 29. Bxd3 c4 30. Bxg6 1-0